000 00435nam a2200181Ia 4500
003 OSt
005 20220530165202.0
008 210210b1922 xxu||||| |||| 00| 0 eng d
040 _cAL
041 _aeng
082 _a823/49
100 _aSHAKESPEARE (William)
_939578
245 _aComedy of Errors
260 _aCambridge
_bAt the University Press
_c1922
690 _aEnglish Drama
_939580
906 _a013601
942 _2ddc
_cBK
999 _c132504
_d132504